000 00440nam a22001577a 4500
020 _a1-85728-012-01
082 _a711.4
_bRAT
_cL-37,P-91
100 _aRaticliffe, John
_945636
245 _aAn introduction to town and country planning/
_cRaticliffe, John
250 _a2nd volume
260 _aLondon,
_c1981.
300 _a506p.:
_bill,;
_c10 cm.
526 _a0
_b0
_c0
_d711_400000000000000_RAT
650 _aMCE
_9379
942 _2ddc
_cBK
999 _c549112
_d549112